Gloval Civil Society 2003 /
El movimiento campesino ha logrado en menos de una década articular una serie de redes internacionales. Entre los aspectos más notorios de este proceso, destacan el surgimiento del sentimiento de solidaridad y el desarrollo de formas de organización inéditas, destacándose la nueva conciencia del rol...
Salvato in:
| Autore principale: | |
|---|---|
| Altri autori: | |
| Natura: | testo |
| Pubblicazione: |
New York:
Oxford University Press
|
| Soggetti: | |
| Tags: |
Aggiungi Tag
Nessun Tag, puoi essere il primo ad aggiungerne!!
|
MARC
| LEADER | 00000 a a2200000 04500 | ||
|---|---|---|---|
| 001 | 31208 | ||
| 003 | |||
| 040 | |||
| 020 | |a 019-9266-55-7 | ||
| 090 | |a 197203 | ||
| 100 | |a Kaldor, Mary | ||
| 245 | |a Gloval Civil Society 2003 / |c Mary Kaldor | ||
| 260 | |a New York: |b Oxford University Press | ||
| 300 | |a 433 p. |b il. |b map. | ||
| 520 | |a El movimiento campesino ha logrado en menos de una década articular una serie de redes internacionales. Entre los aspectos más notorios de este proceso, destacan el surgimiento del sentimiento de solidaridad y el desarrollo de formas de organización inéditas, destacándose la nueva conciencia del rol del campesinado en tanto actor político en el nuevo contexto de la globalización | ||
| 650 | |a CAMPESINADO | ||
| 650 | |a MOVIENTOS CAMPESINOS | ||
| 650 | |a AGRICULTORES | ||
| 650 | |a PARTICIPACION SOCIAL | ||
| 650 | |a GLOBALIZACION | ||
| 650 | |a PARTICIPACION POLITICA | ||
| 650 | |a REDES | ||
| 650 | |a AGRICULTURA | ||
| 700 | |a Anheier, Helmut |a Glasius, Marlies |a ed. | ||
| 999 | |c 13244 |d 13244 | ||



